Využitie údajov diaľkového prieskumu Zeme pre odhad zmien aktuálnej evapotranspirácie na Slovensku

Salvato in:
Dettagli Bibliografici
Autore principale: Rattayová, Viera (Autore)
Altri autori: Hlavčová, Kamila (Relatore della tesi)
Natura: Manoscritto Libro
Lingua:slovacco
Pubblicazione: 2024
Soggetti:
Accesso online:http://is.stuba.sk/zp/portal_zp.pl?podrobnosti=152579
Tags: Aggiungi Tag
Nessun Tag, puoi essere il primo ad aggiungerne!!

MARC

LEADER 00000ntm a22000003a 4500
001 stuzp71340
003 SK-STU
005 20241211150849.3
007 ta
008 150427s2015----xo-----f-mn---000-0-slo-d
040 |a STU  |b slo 
041 0 |a slo 
100 1 |a Rattayová, Viera  |u 010160  |4 aut  |U SvF Stavebná fakulta  |T SvF Katedra vodného hospodárstva krajiny  |X 55674  |U V160  |Y 16  |7 55674 
242 0 1 |a Estimation of changes in actual evapotranspiration using remote sensing-based data  |y eng 
245 1 0 |a Využitie údajov diaľkového prieskumu Zeme pre odhad zmien aktuálnej evapotranspirácie na Slovensku 
260 |c 2024 
650 4 |a FAO56 Penamn-Monteith  |2 slo 
650 4 |a referenčná evapotranspirácia  |2 slo 
650 4 |a modely strojového učenia  |2 slo 
650 4 |a diaľkový prieskum Zeme  |2 slo 
650 4 |a machine learning  |2 eng 
650 4 |a remote sensing data  |2 eng 
650 4 |a reference evapotranspiration  |2 eng 
650 4 |a FAO56 Penman-Monteith  |2 eng 
700 1 |a Hlavčová, Kamila  |u 010160  |k Z1  |4 ths  |U SvF Stavebná fakulta  |T SvF Katedra vodného hospodárstva krajiny  |X 905  |U V160  |Y 16  |7 A000000905 
856 4 |u http://is.stuba.sk/zp/portal_zp.pl?podrobnosti=152579